01143nam a2200229Ia 4500003000400000005001700004008004100021020001800062040001800080041000800098082002200106100003200128245008000160250000700240260004400247300003000291500047900321650002500800650002800825650003100853700002900884OSt20250408150142.0210716s2012 xx 000 0 und d a9788131754467 cAIMIT LIBRARY aeng a658.15 212bHORJ aHorne, James C Van.eAuthor aFinancial management and policy /cBy James C Van Horne and Sanjay Dhamija. a12 aNew Delhi :bPearson Education ,c2012. axxiii,940p. ;bPBc23.5cm aHighly respected for its effective integration of financial theory and practice, this classic text explores the rapidly evolving and exciting theory of finance as it relates to a corporation's investment in assets, financing and dividends. It explains the ways in which analytical techniques are brought to bear on financial decision making and supplies the institutional material necessary for a solid understanding of the environment in which financial decisions are made. aFinancial Management aFoundations of finance. aExpansion and contraction. aDhamija, Sanjay.eAuthor